[Event "RLP-ch Seniors 26th"]
[Site "Ludwigshafen"]
[Date "2007.07.20"]
[Round "6"]
[White "Zolotarevsky, Vadim"]
[Black "Paetzold, Horst"]
[Result "0-1"]
[WhiteElo "1866"]
[BlackElo "1772"]
[PlyCount "42"]
[EventDate "2007.07.15"]
[EventType "swiss"]
[EventRounds "7"]
[EventCountry "GER"]
[SourceTitle "EXT 2009"]
[Source "ChessBase"]
[SourceDate "2008.11.26"]
[SourceVersion "1"]
[SourceVersionDate "2008.11.26"]
[SourceQuality "1"]

1. e4 c5 2. Nf3 Nc6 3. c3 d6 4. d4 cxd4 5. cxd4 a6 6. a4 Nf6 7. Nc3 g6 8. h3 Bg7 9. Be3 Bd7 10. Be2 Rc8 11. 0-0 0-0 12. Qd2 e6 13. Bg5 Qb6 14. Be3 Qd8 15. Rad1 Na5 16. Rfe1 Nc4 17. Bxc4 Rxc4 18. b3 Rc8 19. e5 dxe5 20. dxe5 Nd5 21. Nxd5 exd5 0-1